000
00337nam a2200145Ia 4500
005
20251222143114.0
008
251222s9999||||xx |||||||||||||| ||spa||
020
_a
8408064517
082
_a
861.64/G14
100
_a
Gala, Antonio
245
0
_a
El Poema de TobĂas Desangelado
250
_a
1ra.ed.
264
_b
Planeta
942
_c
LIB
999
_c
11275
_d
11275